| 000 | 00936cam a2200277 a 4500 | ||
|---|---|---|---|
| 999 |
_c3114 _d3114 |
||
| 001 | 3442310 | ||
| 003 | GZU | ||
| 005 | 20201118072321.0 | ||
| 008 | 930615s1990 rh b 000 0 eng | ||
| 010 | _a 91196146 | ||
| 020 | _a0908307152 | ||
| 040 |
_aDLC _cDLC _dDLC |
||
| 043 | _afs----- | ||
| 050 | 0 | 0 |
_aKQC145 _bL45 1990 |
| 245 | 0 | 4 |
_aThe Legal situation of women in southern Africa / _cedited by Julie Stewart and Alice Armstrong. |
| 260 |
_aHarare : _bUniversity of Zimbabwe Publications, _cc1990. |
||
| 300 |
_axiv, 241 p. ; _c21 cm. |
||
| 440 | 0 |
_aWomen and law in southern Africa ; _vv. 2 |
|
| 504 | _aIncludes bibliographical references. | ||
| 650 | 0 |
_aWomen _xLegal status, laws, etc. _zAfrica, Southern. |
|
| 700 | 1 |
_aStewart, Julie _q(Julie E.) |
|
| 700 | 1 | _aArmstrong, Alice. | |
| 906 |
_a7 _bcbc _corignew _du _encip _f19 _gy-gencatlg |
||
| 942 |
_2lcc _cBK _h145 _iLEG _kKQC _m1990 |
||